000 00746nam a2200349Ia 4500
005 20251020182542.0
008 200515s9999 xx 000 0 und d
082 _a741:691/E24
110 _aCEAC
245 0 _aMateriales y elementos de construcción
260 _aBarcelona
260 _c1978
300 _a329
500 _a1 ejemplar
650 _aACERO
650 _aALUMINIO
650 _aAMIANTO
650 _aCAL
650 _aCEMENTO
650 _aCOBRE
650 _aHIERRO
650 _aLADRILLOS
650 _aMADERA
650 _aMATERIALES DE CONSTRUCCION
650 _aMORTEROS
650 _aPINTURA
650 _aPLASTICO
650 _aROCAS
650 _aVIDRIO
650 _aYESO
942 _cLIB
999 _c2430
_d2430